Brahms violin concerto, op. 77, Tchaikovsky violin concerto, op. 35.

Αποθηκεύτηκε σε:
Λεπτομέρειες βιβλιογραφικής εγγραφής
Κύριοι συγγραφείς: Brahms, Johannes 1833-1897 (Συνθέτης), Tchaikovsky, Peter Ilich 1840-1893 (Συνθέτης)
Συλλογικό Έργο: London Symphony Orchestra (Ερμηνευτής), Collins Classics (Sound recording label)
Άλλοι συγγραφείς: Oistrakh, David Fedorovich 1908-1974 (Ερμηνευτής), Fruhbeck de Burgos, Rafael (Ερμηνευτής)
Μορφή: CD Ηχητικό
Γλώσσα:English
Δημοσίευση: Great Britain : Lambourne Productions, [c1992]
Θέματα:
Ετικέτες: Προσθήκη ετικέτας
Δεν υπάρχουν, Καταχωρήστε ετικέτα πρώτοι!

MARC

LEADER 00000njm a2200000 i 4500
001 1/41829
007 sd fs gn m ed
008 070301s1992 uk eng d
028 0 1 |a 13112 
035 |l 10087187 
040 |a GR-MY-UA  |b gre  |e aacr 
041 0 |a eng 
082 0 |a 784.272  |2 (22η εκδ.) 
100 1 |a Brahms, Johannes  |d 1833-1897.  |4 cmp 
245 1 0 |a Brahms violin concerto, op. 77, Tchaikovsky violin concerto, op. 35.  |h [ηχογράφηση] /  |c [Johannes Brahms; Peter Ilich Tchaikovsky] 
246 3 3 |a Tchaikovsky violin concerto, op. 35 
260 |a Great Britain :   |b Lambourne Productions,   |c [c1992] 
300 |a 1 δίσκος κόμπακτ (78 λεπτ., 50 δευτ.);  |b ψηφιακός, στερεο;  |c 4 3/4 ιν. 
505 0 |a Allegro non troppo / Johannes Brahms (23'39 λεπτ.) - Adagio / Johannes Brahms (9'22 λεπτ.) - Allegro giocoso, ma non troppo vivace / Johannes Brahms (8'48 λεπτ.) - Allegro moderato / Pyotr Ilyich Tchaicovsky (19'22 λεπτ.) - Canzonetta. Andante / Pyotr Ilyich Tchaicovsky (6'26 λεπτ.) - Finale. Allegro vivacissimo / Pyotr Ilyich Tchaicovsky (10'50 λεπτ.) 
511 |a Igor Oistrakh, βιολί ; London Symphony Orchestra ; Rafael Fruhbeck de Burgos 
600 1 0 |a Tchaikovsky Peter Ilich  |d 1840-1893. 
600 1 0 |a Brahms Johannes  |d 1833-1897. 
650 0 0 |a Concertos (Violin) 
700 1 |a Tchaikovsky, Peter Ilich  |d 1840-1893.  |4 cmp 
700 1 |a Oistrakh, David Fedorovich  |d 1908-1974.  |4 prf 
700 1 |a Fruhbeck de Burgos, Rafael.  |4 prf 
710 2 |a London Symphony Orchestra.  |4 prf 
710 2 |a Collins Classics (Sound recording label) 
852 |a INST  |b RHODES  |c AV  |e 20070301  |h 782.24 BRA  |p 005400013120  |q 005400013120  |t CD  |y 23 
901 |a BIBL4-2006-1 
909 |a Ρ  |b 078328 
970 |a ΚΟΖΑ  |b ΜΑΡΙΑ  |z 2007/03/01